00642nam a2200217Ia 4500003000400000005001700004008004100021020003000062040001700092082002100109100002000130245011200150250001200262260002800274300001800302650001500320650001700335650002600352700001500378700003100393IIN20240102163422.0231217s9999 xx 000 0 und d cRs.1495.00a9789389188516 aIINbEnglish a610.73 bJAC1 a Jacob, Annamma1 aClinical Nursing Proceduresbthe art of nursing practicecAnnamma Jacob, Rekha R. & Jadhav Sonali Tarachale a 4th ed bJaypeeaNew Delhic2020 axviii, 1037p.1 aFoundation1 aFundamentals1 a Proceduresv Nursing1 aRekha, R. 1 aTarachale, Jadhav Sonali